000 00290nam a2200133Ia 4500
100 _aJoshi/P.H.
650 _aProduction.
942 _cBK
366 _f10
245 _aPRESS TOOLS : DESIGN AND CONST.
260 _bS.Chand & Co.
_aNew Delhi.
082 _a671.33/JOS
546 _aENGLISH
999 _c30148
_d30148